[Event "Kemerovo op"]
[Site "Kemerovo"]
[Date "2008.08.29"]
[Round "9"]
[White "Rekhovsky, Jury"]
[Black "Chigaev, Maksim"]
[Result "1/2-1/2"]
[WhiteElo "2102"]
[BlackElo "2120"]
[PlyCount "61"]
[EventDate "2008.08.23"]
[EventType "swiss"]
[EventRounds "9"]
[EventCountry "RUS"]
[SourceTitle "CBM 126 Extra"]
[Source "ChessBase"]
[SourceDate "2008.11.05"]
[SourceVersion "1"]
[SourceVersionDate "2008.11.05"]
[SourceQuality "1"]

1. d4 Nf6 2. c4 g6 3. Nc3 Bg7 4. e4 0-0 5. Nf3 d6 6. Be2 e5 7. 0-0 exd4 8. Nxd4 Re8 9. f3 Nc6 10. Be3 Nh5 11. Qd2 Nf4 12. Nxc6 Nxe2+ 13. Nxe2 bxc6 14. Bd4 c5 15. Bxg7 Kxg7 16. Nc3 Be6 17. b3 Qf6 18. Rad1 c6 19. Qe3 Rad8 20. Rd3 d5 21. cxd5 cxd5 22. Qxc5 Rc8 23. Qa5 d4 24. Nd5 Qe5 25. Qd2 Bxd5 26. exd5 Qxd5 27. Rxd4 Qe5 28. Re4 Qc5+ 29. Qf2 Rxe4 30. fxe4 Qxf2+ 31. Rxf2 1/2-1/2

[Event "Kemerovo op"]
[Site "Kemerovo"]
[Date "2008.08.26"]
[Round "5"]
[White "Rekhovsky, Jury"]
[Black "Fanaskov, Artem"]
[Result "1-0"]
[WhiteElo "2102"]
[BlackElo "2028"]
[PlyCount "69"]
[EventDate "2008.08.23"]
[EventType "swiss"]
[EventRounds "9"]
[EventCountry "RUS"]
[SourceTitle "CBM 126 Extra"]
[Source "ChessBase"]
[SourceDate "2008.11.05"]
[SourceVersion "1"]
[SourceVersionDate "2008.11.05"]
[SourceQuality "1"]

1. d4 Nf6 2. c4 e6 3. Nf3 b6 4. g3 Bb7 5. Bg2 c5 6. d5 exd5 7. Nh4 g6 8. Nc3 Bg7 9. 0-0 0-0 10. Nxd5 Nxd5 11. Bxd5 Nc6 12. Rb1 Qc8 13. a3 Na5 14. b3 Re8 15. e3 Nc6 16. Bb2 Ne5 17. f4 Nc6 18. Bxg7 Kxg7 19. Qf3 f6 20. Rbd1 Rb8 21. Rd3 Re7 22. Rfd1 a6 23. Kf2 Ba8 24. Qg4 Kh8 25. Bg2 f5 26. Qg5 Qf8 27. Rxd7 Rbe8 28. Rxe7 Qxe7 29. Qxe7 Rxe7 30. Rd6 Rc7 31. Bd5 b5 32. Nf3 Bb7 33. Ng5 bxc4 34. bxc4 a5 35. Bxc6 1-0

[Event "Kemerovo op"]
[Site "Kemerovo"]
[Date "2008.08.25"]
[Round "3"]
[White "Rekhovsky, Jury"]
[Black "Sazhinov, Alexander"]
[Result "0-1"]
[WhiteElo "2102"]
[BlackElo "2280"]
[PlyCount "104"]
[EventDate "2008.08.23"]
[EventType "swiss"]
[EventRounds "9"]
[EventCountry "RUS"]
[SourceTitle "CBM 126 Extra"]
[Source "ChessBase"]
[SourceDate "2008.11.05"]
[SourceVersion "1"]
[SourceVersionDate "2008.11.05"]
[SourceQuality "1"]

1. d4 Nf6 2. c4 e5 3. dxe5 Ng4 4. Nf3 Bc5 5. e3 Nc6 6. Be2 0-0 7. 0-0 Re8 8. b3 Ncxe5 9. Nxe5 Nxe5 10. Bb2 Bf8 11. Nc3 a5 12. Ne4 Qh4 13. Nd2 d6 14. Nf3 Nxf3+ 15. Bxf3 a4 16. Qd4 Qg5 17. Qd5 Qg6 18. Bh5 Qf5 19. Rfd1 Be6 20. Qxf5 Bxf5 21. b4 a3 22. Bc3 g6 23. Bf3 Be4 24. Be2 b6 25. Rd2 Bc6 26. b5 Be4 27. f3 Bb7 28. Kf2 Ra4 29. Rb1 Bg7 30. Bxg7 Kxg7 31. Rb3 Re5 32. Rc2 Rc5 33. e4 d5 34. exd5 Bxd5 35. Rbc3 Be6 36. g4 g5 37. Bd3 h6 38. Ke3 Kf6 39. h3 Re5+ 40. Kf2 Rc5 41. Ke3 Ke5 42. Rc1 Kd6 43. R1c2 Re5+ 44. Kf2 Kc5 45. Rc1 f5 46. Be2 f4 47. R1c2 Bf7 48. Rc1 Rb4 49. Bd3 Rb2+ 50. R1c2 Re3 51. Be2 Kd4 52. Rxb2 axb2 0-1

[Event "Kemerovo op"]
[Site "Kemerovo"]
[Date "2008.08.25"]
[Round "4"]
[White "Volodarsky, Yury Aleksandrovic"]
[Black "Rekhovsky, Jury"]
[Result "1-0"]
[WhiteElo "2226"]
[BlackElo "2102"]
[PlyCount "107"]
[EventDate "2008.08.23"]
[EventType "swiss"]
[EventRounds "9"]
[EventCountry "RUS"]
[SourceTitle "CBM 126 Extra"]
[Source "ChessBase"]
[SourceDate "2008.11.05"]
[SourceVersion "1"]
[SourceVersionDate "2008.11.05"]
[SourceQuality "1"]

1. e4 e5 2. Bc4 Nc6 3. Nf3 Bc5 4. 0-0 Nf6 5. d4 Bxd4 6. Nxd4 Nxd4 7. f4 d6 8. fxe5 dxe5 9. Bg5 Be6 10. Na3 h6 11. Bxf6 gxf6 12. c3 Nc6 13. Bxe6 Qxd1 14. Raxd1 fxe6 15. Rxf6 Ke7 16. Rdf1 Raf8 17. Rxf8 Rxf8 18. Rxf8 Kxf8 19. Nb5 Ke7 20. Nxc7 a6 21. Na8 b5 22. c4 Kd6 23. cxb5 axb5 24. a4 b4 25. g4 Na5 26. h4 Nc4 27. g5 hxg5 28. hxg5 Nxb2 29. Nb6 Nd3 30. Nc4+ Ke7 31. a5 Nc5 32. Nxe5 b3 33. Nc4 Kf7 34. e5 Kg6 35. Kf2 Nd3+ 36. Ke3 b2 37. Nxb2 Nxe5 38. a6 Nc6 39. Kf4 e5+ 40. Kg4 Na7 41. Nc4 Nc6 42. Kh4 e4 43. Kg4 Na7 44. Ne5+ Kg7 45. Kf4 e3 46. Kxe3 Nb5 47. Kf4 Na7 48. Kf5 Nb5 49. Nc6 Kf7 50. a7 Nc7 51. Nd8+ Kg8 52. Ne6 Na8 53. Kf6 Kh8 54. Kf7 1-0

[Event "Novokuznetsk Goriainov Memorial op"]
[Site "Novokuznetsk"]
[Date "2007.08.21"]
[Round "8"]
[White "Sukhov, Maxim"]
[Black "Rekhovsky, Jury"]
[Result "1-0"]
[WhiteElo "2098"]
[BlackElo "2148"]
[PlyCount "87"]
[EventDate "2007.08.14"]
[EventType "swiss"]
[EventRounds "9"]
[EventCountry "RUS"]
[SourceTitle "EXT 2009"]
[Source "ChessBase"]
[SourceDate "2008.11.26"]
[SourceVersion "1"]
[SourceVersionDate "2008.11.26"]
[SourceQuality "1"]

1. e4 e5 2. Nf3 Nc6 3. d4 exd4 4. Nxd4 Qh4 5. Nb5 Bb4+ 6. Nd2 Ba5 7. Bd3 a6 8. Nc3 Nf6 9. 0-0 Bxc3 10. bxc3 0-0 11. f4 d6 12. Nf3 Qh5 13. c4 Re8 14. Re1 Ng4 15. Qd2 Qc5+ 16. Kf1 Be6 17. h3 Nf6 18. Qc3 Qb4 19. Qxb4 Nxb4 20. Rb1 Nxd3 21. cxd3 b6 22. Nd4 Bc8 23. Bd2 Nd7 24. Re3 Nc5 25. Nb3 Nxb3 26. axb3 a5 27. d4 Ba6 28. Rc1 Re7 29. Kf2 f6 30. g4 Rae8 31. Kf3 Bb7 32. d5 g6 33. Bc3 Kf7 34. Bd4 Ba6 35. h4 Bc8 36. g5 f5 37. e5 dxe5 38. fxe5 Bb7 39. Kf4 Rc8 40. e6+ Kg8 41. Bf6 Ree8 42. h5 gxh5 43. Rh1 b5 44. Rxh5 1-0